| 000 | 01561nab a22002657a 4500 | ||
|---|---|---|---|
| 999 |
_c5256 _d5256 |
||
| 003 | OSt | ||
| 005 | 20250209192259.0 | ||
| 008 | 190603e xxum|||| |||| 00| 0 spa d | ||
| 040 | _cPJ | ||
| 100 |
_96309 _aFlores Medina, Pablo |
||
| 245 | 1 | 3 |
_a¿Qué hacer cuando un progenitor impide al otro comunicarse regularmente con su hijo? : _bIndemnización del daño por impedimento de contacto paternofilial / _cPablo Flores Medina. |
| 260 |
_cCiudad Autónoma de Buenos Aires : _aThomson Reuters La Ley, _b2025. |
||
| 300 | _ap. 145-148 | ||
| 500 | _aCita Online: TR LALEY AR/DOC/28/2025. Publicado en: RCCyC 2025 (febrero) , 145. | ||
| 505 | _aSumario: I. Introducción.— II. El derecho-deber de comunicación como derecho subjetivo familiar.— III. La violencia familiar por impedimento de contacto.— IV. Procedencia de la acción de daños y perjuicios.— V. Fundamentos de la obligación de indemnizar.— VI. Soluciones para lograr una comunicación parento- filial eficaz.— VII. Conclusión | ||
| 505 | _t¿Te interesa el texto completo? Solicitalo al correo: koha@justierradelfuego.gov.ar | ||
| 650 | 0 |
_9967 _aDERECHO DE FAMILIA |
|
| 650 | 0 |
_91467 _aRESPONSABILIDAD CIVIL |
|
| 650 | 0 |
_93392 _aIMPEDIMENTO DE CONTACTO DEL MENOR CON EL PADRE NO CONVIVIENTE |
|
| 650 | 0 |
_92823 _aDAÑOS Y PERJUICIOS |
|
| 650 | 0 |
_91382 _aINDEMNIZACION |
|
| 650 | 0 |
_9470 _aRELACIONES DE FAMILIA |
|
| 773 | 0 |
_02713 _93170 _dCiudad Autónoma de Buenos Aires : Thomson Reuters La Ley, 2015- _tRevista Código Civil y Comercial. Nº 1 - Febrero 2025 |
|
| 942 |
_2udc _cANA |
||